000 00766nam a2200241 i 4500
001 100240
003 ES-MaACL
005 20240125164754.0
007 t|
008 050923s1986 sp ||||1| spa d
020 _a84-85563-63-8
100 1 _aMartínez de Velasco, Luis.
_978040
245 1 0 _aIdealismo crítico e inmanencia en el pensamiento Kantiano /
_cLuis Martínez de Velasco.
250 _a1ª ed.
260 _aMadrid :
_bOrígenes,
_c1986.
300 _a267 p. ;
_c21 cm.
490 1 _aEnsayo y pensamiento filosófico
504 _aBibliografía. Indice.
600 1 4 _aKant, Immanuel,
_d1724-1804
_9222608
830 0 _aEnsayo y pensamiento filosófico
_9184555
852 _aES-MaACL
_jG-3487
_bR.114660
999 _c100240
_d100240